| 000 | 00000cam 2200000zi 4500 |
| 001 | 9.958977 |
| 003 | CaOODSP |
| 005 | 20260603115834 |
| 006 | m o d f |
| 007 | cr |n||||||||| |
| 008 | 260115e197410 onc o f000 0 eng d |
| 040 | |aCaOODSP|beng|erda|cCaOODSP |
| 043 | |an-cn--- |
| 086 | 1 |aJS22-86/1974E-PDF |
| 245 | 00|aDiscussion paper on the role of the Federal Corrections Agency. |
| 264 | 1|a[Ottawa] : |b[Solicitor General Canada], |cOctober 1974. |
| 300 | |a1 online resource (iv, 114 pages) |
| 336 | |atext|btxt|2rdacontent |
| 337 | |acomputer|bc|2rdamedia |
| 338 | |aonline resource|bcr|2rdacarrier |
| 500 | |aDigitized edition from print [produced by Public Safety Canada]. |
| 500 | |aIssued also in French under title: Document de travail sur le role de l'Agence fédérale de correction. |
| 610 | 20|aCorrectional Service Canada. |
| 650 | 0|aCorrections|zCanada. |
| 710 | 1 |aCanada. |bSolicitor General Canada, |eissuing body. |
| 775 | 08|tDocument de travail sur le role de l'Agence fédérale de correction.|w(CaOODSP)9.963286 |
| 856 | 40|qPDF|s1.23 MB|uhttps://publications.gc.ca/collections/collection_2026/sp-ps/JS22-86-1974-eng.pdf |